Obyvatelia zaplatia výsledky? Špekulácie okolo dobudovania a prevádzkovania spaľovne odpadu v Košiciach neutíchajú a ťahajú sa už niekoľko rokov

Bibliographic Details
Main Author: Paličková, Mária (Author)
Format: Article
Language:Slovak
Subjects:

MARC

LEADER 00000nab a2200000 a 4500
001 vtls000925817
003 SK-MaSNL
005 20260303033711.0
008 140301e19980218xo 0 slo
035 |a KE34694 
040 |a KEVKJB  |b slo  |c KEVKJB  |e AACR2 
041 0 |a slo 
044 |a xo  |c SK 
080 |a 628.4  |2 1981 
100 1 |a Paličková, Mária  |4 aut  |9 891593 
245 1 0 |a Obyvatelia zaplatia výsledky?  |b Špekulácie okolo dobudovania a prevádzkovania spaľovne odpadu v Košiciach neutíchajú a ťahajú sa už niekoľko rokov 
650 0 7 |a komunálny odpad  |2 KEVKJB  |9 3934 
650 0 7 |a spaľovne odpadu  |2 KEVKJB  |9 150869 
650 0 7 |a projekty  |2 KEVKJB  |9 18866 
651 7 |a Košice (Slovensko)  |2 KEVKJB  |9 18694 
773 0 8 |t Hospodárske noviny, č.33, 18.2.1998, s. 1,2 
852 |a ZVYKNI  |b KIS3GCP 
999 |c 1671113  |d 1673043